Возможность применения алюмосиликатной плавающей микросферы в тампонажных материалах нефтяных скважин; Проблемы геологии и освоения недр; Т. 2

গ্রন্থ-পঞ্জীর বিবরন
Parent link:Проблемы геологии и освоения недр: труды XIX Международного симпозиума имени академика М. А. Усова студентов и молодых ученых, посвященного 70-летнему юбилею Победы советского народа над фашистской Германией, Томск, 6-10 апреля 2015 г./ Национальный исследовательский Томский политехнический университет (ТПУ), Институт природных ресурсов (ИПР) ; Общество инженеров-нефтяников, международная некоммерческая организация, Студенческий чаптер ; под ред. А. Ю. Дмитриева.— , 2015
Т. 2.— [С. 248-249]
প্রধান লেখক: Вершинин И. С.
সংস্থা লেখক: Национальный исследовательский Томский политехнический университет (ТПУ)
অন্যান্য লেখক: Налесник О. И. Олег Иванович (научный руководитель), Бойко И. А. Игорь Алексеевич
সংক্ষিপ্ত:Заглавие с экрана
ভাষা:রুশ
প্রকাশিত:
মালা:Комплексное использование и переработка минерального сырья
Переработка минерального и техногенного сырья
বিষয়গুলি:
অনলাইন ব্যবহার করুন:http://earchive.tpu.ru/handle/11683/22804
http://www.lib.tpu.ru/fulltext/c/2015/C11/V2/104.pdf
বিন্যাস: বৈদ্যুতিক গ্রন্থের অধ্যায়
KOHA link:https://koha.lib.tpu.ru/cgi-bin/koha/opac-detail.pl?biblionumber=615430

MARC

LEADER 00000naa2a2200000 4500
001 615430
005 20231101132846.0
035 |a (RuTPU)RU\TPU\conf\13629 
035 |a RU\TPU\conf\13628 
090 |a 615430 
100 |a 20151109d2015 k y0rusy50 ca 
101 0 |a rus 
102 |a RU 
105 |a y z 100zy 
135 |a drcn ---uucaa 
181 0 |a i  
182 0 |a b 
200 1 |a Возможность применения алюмосиликатной плавающей микросферы в тампонажных материалах нефтяных скважин  |f И. С. Вершинин  |g науч. рук. О. И. Налесник, И. А. Бойко 
203 |a Текст  |c электронный 
225 1 |a Комплексное использование и переработка минерального сырья 
225 1 |a Переработка минерального и техногенного сырья 
230 |a 1 компьютерный файл (pdf; 591 Kb) 
300 |a Заглавие с экрана 
320 |a [Библиогр.: с. 249 (6 назв.)] 
337 |a Adobe Reader 
461 1 |0 (RuTPU)RU\TPU\conf\12865  |t Проблемы геологии и освоения недр  |o труды XIX Международного симпозиума имени академика М. А. Усова студентов и молодых ученых, посвященного 70-летнему юбилею Победы советского народа над фашистской Германией, Томск, 6-10 апреля 2015 г.  |o в 2 т.  |f Национальный исследовательский Томский политехнический университет (ТПУ), Институт природных ресурсов (ИПР) ; Общество инженеров-нефтяников, международная некоммерческая организация, Студенческий чаптер ; под ред. А. Ю. Дмитриева  |d 2015 
463 1 |0 (RuTPU)RU\TPU\conf\13350  |t Т. 2  |v [С. 248-249] 
610 1 |a труды учёных ТПУ 
610 1 |a электронный ресурс 
610 1 |a алюмосиликатные микросферы 
610 1 |a плавающие микросферы 
610 1 |a тампонажные материалы 
610 1 |a нефтяные скважины 
700 1 |a Вершинин  |b И. С. 
702 1 |a Налесник  |b О. И.  |c химик-технолог  |c доцент Томского политехнического университета, кандидат технических наук  |f 1939-  |g Олег Иванович  |2 stltpush  |4 727 
702 1 |a Бойко  |b И. А.  |c специалист в области нефтепромыслового оборудования  |c ассистент кафедры Томского политехнического университета  |f 1966-  |g Игорь Алексеевич  |2 stltpush  |4 727 
712 0 2 |a Национальный исследовательский Томский политехнический университет (ТПУ)  |c (2009- )  |2 stltpush  |3 (RuTPU)RU\TPU\col\15902 
801 2 |a RU  |b 63413507  |c 20210118  |g RCR 
856 4 |u http://earchive.tpu.ru/handle/11683/22804 
856 4 |u http://www.lib.tpu.ru/fulltext/c/2015/C11/V2/104.pdf 
942 |c BK